[Event "Offene LJ-Einzelmeisterschaft M-V u25"]
[Site "Malchow 2024"]
[Date "2024.02.06"]
[Round "6.2"]
[White "Raffaelli, Maja"]
[Black "JÃ¤hnert, Jamie Mares"]
[Result "0-1"]
[WhiteElo "870"]
[BlackElo "1172"]
[Time "14:30:00"]
[WhiteTeam "TuS Makkabi Rostock"]
[BlackTeam "HSG Stralsund"]

1.e4 c6 2.Nf3 d5 3.exd5 cxd5 4.d4 Bg4 5.Be2 Nc6 6.h3 Bxf3 7.Bxf3 e6 8.O-O Nf6
9.c3 Be7 10.Be3 O-O 11.Nd2 Rc8 12.Re1 a6 13.Nf1 b5 14.Ng3 b4 15.Qd2 bxc3 16.bxc3
Qc7 17.Be2 a5 18.a4 Bd6 19.Nh5 Ne4 20.Qc1 Ne7 21.Rf1 Qxc3 22.Qd1 Qc7 23.f3 Nc3
24.Qd2 Nxe2+ 25.Qxe2 Nf5 26.Qd2 Qc3 27.Qxc3 Rxc3 28.Bf2 Rc4 29.Rfd1 Rb8 30.g4
Ne7 31.Bg3 Bxg3 32.Nxg3 Rbb4 33.Ne2 Rxa4 34.Rxa4 Rxa4 35.Nc3 Ra3 36.Rc1 g6
37.Kg2 Nc6 38.Nb5 Ra2+ 39.Kg3 Rb2 40.Rc5 Rb4 41.Nc3 Rc4 42.Nb5 Rxc5 43.dxc5 e5
44.f4 e4 45.Kf2 d4 46.Ke2 a4 47.Na3 f6 48.f5 Kf7 49.Nc4 g5 50.Nd6+ Ke7 51.Nxe4
a3 52.Nd2 Na5
0-1

[Event "Offene LJ-Einzelmeisterschaft M-V u25"]
[Site "Malchow 2024"]
[Date "2024.02.06"]
[Round "6.4"]
[White "Baerens, Lennart"]
[Black "Fissler, Lieselotte"]
[Result "1-0"]
[WhiteElo "1039"]
[BlackElo "857"]
[Time "14:30:00"]
[WhiteTeam "SF Schwerin"]
[BlackTeam "SAV Torgelow-DrÃ¶geheide 90"]

1.e4 c6 2.Nc3 d5 3.d4 dxe4 4.Nxe4 Bf5 5.Ng3 Bg6 6.Nf3 Nd7 7.Bc4 e6 8.Bg5 Be7
9.Bxe7 Qxe7 10.O-O Ngf6 11.Re1 O-O 12.Bb3 Rad8 13.Qd2 Nb6 14.Qa5 Qc7 15.c4 a6
16.Rad1 Na8 17.Qe5 Qb6 18.Nh4 Ng4 19.Qf4 h5 20.Nxg6 fxg6 21.Qe4 Kh7 22.f3 Nf6
23.Qd3 Rd7 24.Bc2 Kg8 25.Rxe6 Qxb2 26.Qxg6 Rxd4 27.Rxd4 Qxd4+ 28.Kh1 Qa1+ 29.Bb1
Rd8 30.Qc2 Rd2 31.Qxd2 Qxb1+ 32.Re1 Qg6 33.Qd8+ Kh7 34.Qxa8 Nd7 35.Qxb7 Qd6
36.Nxh5 Kh6 37.g4 Qd3 38.Qxc6+ Kh7 39.Qe4+ Qxe4 40.Rxe4 Kh8 41.Nxg7 Nf6 42.Nh5
Nxe4 43.fxe4 Kh7 44.c5 a5 45.c6 a4 46.c7 a3 47.c8=Q Kh6 48.Qe6+ Kh7 49.Qf7+ Kh6
50.Qg7#
1-0

[Event "Offene LJ-Einzelmeisterschaft M-V u25"]
[Site "Malchow 2024"]
[Date "2024.02.06"]
[Round "6.5"]
[White "Wilke, Finja"]
[Black "RÃ¶seler, Ole"]
[Result "1-0"]
[WhiteElo "1232"]
[BlackElo "911"]
[Time "14:30:00"]
[WhiteTeam "SAV Torgelow-DrÃ¶geheide 90"]
[BlackTeam "SG GÃ¼strow/Teterow"]

1.e4 e5 2.Nf3 Nc6 3.Nc3 Nf6 4.a3 d5 5.Bb5 Qd6 6.O-O Bd7 7.d3 d4 8.Ne2 Be7 9.c3
dxc3 10.Nxc3 Nd4 11.Ba4 Bxa4 12.Qxa4+ Nd7 13.Ng5 O-O 14.Qd1 Qg6 15.Qg4 Rfd8
16.Nd5 Bd6 17.f4 f6 18.fxe5 Bxe5 19.Ne7+
1-0

[Event "Landesjugendeinzelmeisterschaft M-V u10"]
[Site "Malchow 2024"]
[Date "2024.02.07"]
[Time "08:30:00"]
[Round "7.3"]
[White "Aslanov, Kamran"]
[Black "Hornych, Fridtjof"]
[Result "1/2-1/2"]
[WhiteElo "995"]
[BlackElo "957"]
[WhiteTeam "SF Schwerin"]
[BlackTeam "SF Schwerin"]

1.e4 c5 2.Nf3 e6 3.Nc3 Nf6 4.g3 Nc6 5.Bg2 d5 6.exd5 exd5 7.O-O Be7 8.d3 O-O
9.Re1 Bg4 10.b3 a6 11.Bb2 d4 12.Ne2 Qc7 13.Ba3 Rfe8 14.h3 Bxf3 15.Bxf3 Ne5
16.Nf4 b5 17.Nd5 Nxd5 18.Bxd5 Rad8 19.Bg2 Bd6
1/2-1/2

[Event "Landesjugendeinzelmeisterschaft M-V u10"]
[Site "Malchow 2024"]
[Date "2024.02.07"]
[Time "08:30:00"]
[Round "7.7"]
[White "Paulet, Johannes"]
[Black "Uecker, Emil"]
[Result "1-0"]
[WhiteElo "760"]
[BlackElo "763"]
[WhiteTeam "Greifswalder SV"]
[BlackTeam "SAV Torgelow-Dr geheide 90"]

1.e4 e6 2.d4 d5 3.exd5 exd5 4.Bd3 Bd6 5.Nf3 Ne7 6.Bg5 Nbc6 7.c3 Bg4 8.Nbd2 O-O
9.O-O h6 10.h3 Bxf3 11.Nxf3 hxg5 12.Nxg5 Bf4 13.h4 Ng6 14.g3 Bxg5 15.hxg5 Qxg5
16.Bxg6 Qxg6 17.Qb3 Ne7 18.Rfe1 Rfe8 19.Re5 c6 20.Qxb7 Nf5 21.Rae1 f6 22.Re6
Reb8 23.Qxc6 Nh4 24.R1e3 Qb1+ 25.Kh2 Qg6 26.Qxd5 Re8 27.Qc6 Rec8 28.Qd5 Nf5
29.Ra6+ Kf8 30.Qe4 Qh7+ 31.Kg1 Rab8 32.Rf3 g6 33.d5 Kf7 34.Qe6+ Kg7 35.Rxa7+
1-0

[Event "Landesjugendeinzelmeisterschaft M-V u12"]
[Site "Malchow 2024"]
[Date "2024.02.07"]
[Time "08:30:00"]
[Round "7.1"]
[White "Subocz, Barbara"]
[Black "König, Lian"]
[Result "1/2-1/2"]
[WhiteElo "1093"]
[BlackElo "1019"]
[WhiteTeam "SAV Torgelow-Drögeheide 90"]
[BlackTeam "SF Schwerin"]

1.e4 e5 2.Nf3 Nc6 3.Bb5 a6 4.Ba4 Bc5 5.O-O d6 6.c3 b5 7.Bb3 Nf6 8.h3 h6 9.d4 Bb6
10.Re1 O-O 11.Nbd2 Re8 12.Nf1 Bd7 13.Ng3 Na5 14.Bc2 c5 15.dxe5 dxe5 16.Be3 Bc6
17.Qxd8 Raxd8 18.b4 Nc4
1/2-1/2

[Event "Landesjugendeinzelmeisterschaft M-V u12"]
[Site "Malchow 2024"]
[Date "2024.02.07"]
[Time "08:30:00"]
[Round "7.2"]
[White "Lott, Konstantin"]
[Black "Briese, Sophie"]
[Result "1/2-1/2"]
[WhiteElo "975"]
[BlackElo "1279"]
[WhiteTeam "Think Rochade - SC HRO"]
[BlackTeam "SAV Torgelow-Drögeheide 90"]

1.e4 c5 2.Nc3 Nc6 3.Bb5 a6 4.Bc4 e6 5.Nf3 b5 6.Be2 Bb7 7.d3 Be7 8.Be3 d5 9.exd5
exd5 10.d4 c4 11.b3 Nf6 12.a4 b4 13.Nb1 c3 14.O-O Ne4 15.Bd3 O-O 16.Bxe4 dxe4
17.Ne5 Nxe5 18.dxe5 Qc7 19.Bf4 Qc6 20.Qg4 f5 21.Qg3 Rad8 22.h3 Rd7 23.a5 Rfd8
24.Bg5 Bxg5 25.Qxg5 Rd1 26.Rxd1 Rxd1+ 27.Kh2 Qd5 28.Qe7 h6 29.Nxc3 bxc3 30.Rxd1
Qxd1 31.Qxb7 Qxc2 32.Qc8+ Kh7 33.Qxf5+ Kh8 34.e6 Qd3 35.e7 Qd6+ 36.g3 Qxe7
37.Qc8+ Kh7 38.Qxc3 Qa3 39.Qe3 Qxa5 40.Qxe4+ Kh8 41.Qa4 Qb6 42.Kg2 Qb7+ 43.f3
Qb6 44.h4 Qe6 45.Qc4 Qd6 46.Kh3 Qd7+ 47.g4 Qd1 48.Kg3 Qe1+ 49.Kf4 Qa5 50.Ke4
Qe1+ 51.Kd5 Qxh4 52.Qxa6 Qg5+ 53.Kc4 Qf4+ 54.Kb5 Qxf3 55.Qc8+ Kh7 56.b4 Qe4
57.Qc5 Qb7+ 58.Qb6 Qd5+
1/2-1/2

[Event "Landesjugendeinzelmeisterschaft M-V u12"]
[Site "Malchow 2024"]
[Date "2024.02.07"]
[Time "08:30:00"]
[Round "7.3"]
[White "Khanbekyan, Aram"]
[Black "Tran, Nhat Nam"]
[Result "1-0"]
[WhiteElo "1324"]
[BlackElo "1471"]
[WhiteTeam "Greifswalder SV"]
[BlackTeam "Greifswalder SV"]

1.e4 e5 2.Nf3 Nc6 3.d4 exd4 4.Bc4 Bc5 5.c3 Nf6 6.cxd4 Bb4+ 7.Bd2 Nxe4 8.Bxb4
Nxb4 9.Bxf7+ Kxf7 10.Qb3+ d5 11.Qxb4 Rf8 12.O-O Kg8 13.Nc3 Nxc3 14.Qxc3 Bf5
15.Rac1 c6 16.Rfe1 Qb6 17.b3 a5 18.Qc5 Qxc5 19.Rxc5 Rf6 20.Re7 Rf7 21.Rxf7 Kxf7
22.Kf1 Ke7 23.Ke2 Kd6 24.Ne5 a4 25.b4 Rc8 26.Ra5 b5 27.Ra7 Rc7 28.Nf7+ Kd7
29.Rxc7+ Kxc7 30.a3 Kd7 31.Ke3 Ke7 32.Ne5 Kd6 33.g4 Bg6 34.Nxg6 hxg6 35.Kf4 c5
36.dxc5+ Kc6 37.Ke5 g5 38.f3 g6 39.h3 Kd7 40.Kxd5 Kc7 41.Ke6 Kc6 42.Kf6 Kd5
43.Kxg6 Kc4 44.c6 Kb3 45.c7 Kxa3 46.c8=Q Kxb4 47.Qc1 a3 48.Qb1+ Ka4 49.Qc2+ Kb4
50.Kxg5 a2 51.Qxa2 Kc3 52.h4 b4 53.h5 b3 54.Qxb3+ Kxb3 55.h6 Kc3 56.h7 Kd2
1-0

[Event "Landesjugendeinzelmeisterschaft M-V u12"]
[Site "Malchow 2024"]
[Date "2024.02.07"]
[Time "08:30:00"]
[Round "7.4"]
[White "Wetzig, Karl Anton"]
[Black "Vollendorff, Lukas"]
[Result "1-0"]
[WhiteElo "1121"]
[BlackElo "1058"]
[WhiteTeam "SF Schwerin"]
[BlackTeam "Think Rochade - SC HRO"]

1.e4 e5 2.Nf3 Nf6 3.Nxe5 d6 4.Nf3 Nxe4 5.d3 Nf6 6.d4 d5 7.Bg5 Be7 8.Bd3 O-O
9.O-O Bg4 10.Nbd2 Nbd7 11.Re1 h6 12.Bh4 Re8 13.c3 c6 14.Qc2 Bh5 15.Ne5 Nxe5
16.Rxe5 Nd7 17.Bxe7 Rxe7 18.Rxh5 Nf6 19.Rh3 Rb8 20.Nf3 b5 21.Ng5 hxg5 22.Bh7+
Kf8 23.Bg6 Qe8 24.Bd3 b4 25.g3 g6 26.Qd2 Re6 27.Qxg5 Ng8 28.Rh8 Kg7 29.Qh4 Kf8
30.c4 b3 31.cxd5 cxd5 32.Qg5 Kg7 33.Qh4 Kf8 34.Qh7 Ke7 35.axb3 Ra8 36.Ra5 Qd8
37.Rc5 Re1+ 38.Kg2 Rd1 39.Bxg6 Qe8 40.Rxd5 Qc6 41.Qxf7#
1-0

[Event "Landesjugendeinzelmeisterschaft M-V u12"]
[Site "Malchow 2024"]
[Date "2024.02.07"]
[Time "08:30:00"]
[Round "7.7"]
[White "Günther, Toni"]
[Black "Feist, Jonas"]
[Result "1-0"]
[WhiteElo "839"]
[BlackElo "983"]
[WhiteTeam "SAV Torgelow-Drögeheide 90"]
[BlackTeam "SAV Torgelow-Drögeheide 90"]

1.e4 c6 2.d4 d5 3.Nc3 Nf6 4.Bd3 dxe4 5.Bxe4 Nxe4 6.Nxe4 Bf5 7.Ng3 e6 8.Nf3 Nd7
9.O-O c5 10.dxc5 Bxc5 11.Re1 O-O 12.Nxf5 exf5 13.b3 Qc7 14.Bb2 Nf6 15.Bxf6 gxf6
16.Re2 Bd6 17.Qd2 Rad8 18.Qc1 Rfe8 19.Rxe8+ Rxe8 20.Qf1 Qxc2 21.Qb5 Bc5 22.Qxe8+
Kg7 23.Qe1 Qb2 24.Kf1 a5 25.Nh4 Kg8 26.Nxf5 b6 27.Rc1 h6 28.Nxh6+ Kh7 29.Nxf7
Bb4 30.Qe4+ Kg7 31.Qg4+ Kxf7 32.Rc7+ Be7 33.Qc4+ Kg6 34.Rxe7 Qb1+ 35.Re1 Qxa2
36.Qe4+ Kg7 37.Rd1 Qxb3 38.Rd7+ Kh6 39.Rh7+ Kg5 40.h4#
1-0

[Event "Landesjugendeinzelmeisterschaft M-V u12"]
[Site "Malchow 2024"]
[Date "2024.02.07"]
[Time "08:30:00"]
[Round "7.8"]
[White "Koldrack, Konrad"]
[Black "Zietz, Leni"]
[Result "0-1"]
[WhiteElo "795"]
[BlackElo "873"]
[WhiteTeam "Think Rochade - SC HRO"]
[BlackTeam "TuS Makkabi Rostock"]

1.e4 c5 2.Bc4 Nc6 3.Nf3 h6 4.d3 g6 5.Bf4 Bg7 6.c3 d6 7.Nbd2 Nf6 8.Be3 O-O 9.Qc2
a6 10.O-O-O b5 11.Bd5 Bb7 12.c4 Nb4 13.Qb3 Nfxd5 14.cxd5 a5 15.Rde1 a4 16.Qd1
Nxd3+ 17.Kb1 Nxe1 18.Rxe1 Qa5 19.a3 Ba6 20.Qc2 b4 21.Nc4 Bxc4 22.Qxc4 Rfb8
23.Bd2 Qb6 24.Rc1 bxa3 25.Bc3 Bxc3 26.Qxc3 Qxb2+ 27.Qxb2 axb2 28.Rc2 a3 29.Rxb2
Rxb2+ 30.Kc1 Rb4 31.Nd2 a2 32.Kc2 a1=Q 33.Nb3 Qa2+ 34.Kd3 Qxb3+ 35.Ke2 Ra2+
36.Ke1 Qb1#
0-1

[Event "Landesjugendeinzelmeisterschaft M-V u12"]
[Site "Malchow 2024"]
[Date "2024.02.07"]
[Time "08:30:00"]
[Round "7.10"]
[White "Martinez, Victor"]
[Black "Hampe, Adrian"]
[Result "1-0"]
[WhiteElo "812"]
[BlackElo "936"]
[WhiteTeam "Think Rochade - SC HRO"]
[BlackTeam "Lok Gymnas Pritzwalk"]

1.e4 e5 2.Nf3 Nc6 3.Bc4 Bc5 4.d3 d6 5.O-O Nf6 6.Ng5 O-O 7.Nc3 Bg4 8.Ne2 h6 9.h3
Bxe2 10.Qxe2 hxg5 11.Bxg5 Qd7 12.Rad1 Nh7 13.Bd2 Nd4 14.Qh5 b5 15.Bd5 c6 16.Bb3
Nxb3 17.cxb3 Qe6 18.b4 Bd4 19.b3 Qg6 20.Qe2 Ng5 21.Qg4 Nh7 22.Qxg6 fxg6 23.Be1
c5 24.bxc5 dxc5 25.a4 b4 26.h4 Rab8 27.a5 Bc3 28.Bxc3 bxc3 29.Rc1 Rxb3 30.g3 Ra3
31.Kg2 Rxa5 32.Rxc3 Rc8 33.Rfc1 g5 34.hxg5 Nxg5 35.f4 Nf7 36.fxe5 Nxe5 37.d4 Nd7
38.Kf3 Kf7 39.g4 g5 40.e5 Ke7 41.Ke4 Ke6 42.d5+ Kf7 43.e6+ Ke7 44.exd7 Kxd7
45.Ke5 Re8+ 46.Kf5 Kd6 47.Kxg5 Kxd5 48.Rd1+ Kc6 49.Rdc1 Re4 50.Kf5 Kd5 51.g5 c4
52.g6 Ra4 53.g7 Re8 54.Kf6 Ra6+ 55.Kf7 Rae6 56.Rd1+ Kc5 57.g8=Q Rxg8 58.Kxe6 Kb4
59.Rdc1 Rg4 60.R3c2 Rd4 61.Rb2+ Ka3 62.Rbb1 a5 63.Rc3+ Ka4 64.Ke5 Rh4 65.Kd5
Rh5+ 66.Kxc4 Rb5 67.Ra1#
1-0

[Event "Landesjugendeinzelmeisterschaft M-V u14"]
[Site "Malchow 2024"]
[Date "2024.02.07"]
[Round "7.1"]
[White "Wilke, Ronja"]
[Black "Herrmann, Jakob"]
[Result "0-1"]
[WhiteElo "1202"]
[BlackElo "2031"]
[Time "08:30:00"]
[WhiteTeam "SAV Torgelow-DrÃ¶geheide 90"]
[BlackTeam "SAV Torgelow-DrÃ¶geheide 90"]

1.e4 c5 2.Nf3 Nc6 3.c3 d5 4.exd5 Qxd5 5.d4 Bg4 6.dxc5 Qxd1+ 7.Kxd1 e5 8.Be2 Bxc5
9.Ke1 a5 10.h3 Bf5 11.Bd2 Nf6 12.Bb5 O-O 13.Ke2 Rad8 14.Re1 Na7 15.c4 Bd3+
16.Kd1 e4 17.Ne5 Bxf2 18.Nxd3 Bxe1 19.Nxe1 Nxb5 20.cxb5 e3 21.Nf3 Ne4
0-1

[Event "Landesjugendeinzelmeisterschaft M-V u14"]
[Site "Malchow 2024"]
[Date "2024.02.07"]
[Round "7.2"]
[White "Natsagdorj, Zelme"]
[Black "Jakobi, Paul Leonhard"]
[Result "1/2-1/2"]
[WhiteElo "1404"]
[BlackElo "1054"]
[Time "08:30:00"]
[WhiteTeam "SC Mecklenburger Springer"]
[BlackTeam "SF Schwerin"]

1.e4 e5 2.Nf3 Nc6 3.Bc4 Nf6 4.Ng5 d5 5.exd5 Na5 6.Bb5+ c6 7.dxc6 bxc6 8.Bd3 h6
9.Ne4 Nb7 10.h3 Nc5 11.Nxc5 Bxc5 12.Nc3 O-O 13.O-O Nd5 14.Qe2 Bd6 15.Qe4 f5
16.Qc4 Bb7 17.Be2 Kh8 18.d3 Rc8 19.f4 Qb6+ 20.Kh1 Ne3 21.Bxe3 Qxe3 22.Rf3 Qb6
23.fxe5 Bxe5 24.Na4 Qb5 25.Nc3 Qxb2 26.Rb1 Qxc3 27.Qxc3 Bxc3 28.Rxb7 Rce8 29.Bf1
Re1 30.Kh2 Bd4 31.Rb3 Ra1 32.a3 Rc1 33.Rb4 Bb6 34.Rc4 Rf6 35.d4 Ra1 36.Bd3 g6
37.Rf1 Ra2 38.a4 a5 39.Re1 h5 40.Re8+ Kg7 41.Re7+
1/2-1/2

[Event "Landesjugendeinzelmeisterschaft M-V u14"]
[Site "Malchow 2024"]
[Date "2024.02.07"]
[Round "7.3"]
[White "Stepanjan, Tatevik Mia"]
[Black "Chandrasekher, Ritu"]
[Result "1/2-1/2"]
[WhiteElo "1337"]
[BlackElo "1387"]
[Time "08:30:00"]
[WhiteTeam "ESV 1888 Wittenberge"]
[BlackTeam "TuS Makkabi Rostock"]

1.e4 c6 2.d4 d5 3.exd5 cxd5 4.Bd3 Nc6 5.c3 Nf6 6.Bf4 Bg4 7.Qb3 Qc8 8.Nd2 e6
9.Ngf3 Be7 10.O-O O-O 11.Rfe1 a6 12.a4 Bh5 13.Qc2 Bg6 14.Bxg6 hxg6 15.b4 Nxb4
16.Qb1 Qxc3 17.Rc1 Qd3 18.Rc7 Rfe8 19.Rxb7 Qxb1+ 20.Rxb1 Nd3 21.Bg5 a5 22.Ne5
Nb4 23.Ndf3 Kf8 24.Bxf6 gxf6 25.Ng4 Kg7 26.Rc7 Rac8 27.Rbc1 Rxc7 28.Rxc7 Bd6
29.Rc3 Re7 30.g3 Rc7 31.Rxc7 Bxc7 32.Ne3 Bb6 33.Kf1 Kf8 34.Ke2 Ke7 35.Kd2 Kd6
36.Ng4 Ke7 37.Kc3 Nc6 38.Kd3 g5 39.h4 f5 40.Nge5 Nb4+ 41.Kc3 f6 42.Nd3 g4 43.Nd2
Nxd3 44.Kxd3 e5 45.Nb3 f4 46.gxf4 exf4 47.Ke2 Kf7 48.f3 f5 49.Nc5 Kg6 50.Ne6 Kh5
51.Nxf4+ Kxh4 52.Nxd5 Bxd4 53.Ne7 Kg5 54.Nc6 Bb6 55.fxg4 fxg4 56.Kf1 Kf4 57.Kg2
Ke4 58.Kg3 Kd5
1/2-1/2

[Event "Landesjugendeinzelmeisterschaft M-V u14"]
[Site "Malchow 2024"]
[Date "2024.02.07"]
[Round "7.4"]
[White "Vakeel, Eshwar"]
[Black "SchrÃ¶der, Hannes Artur"]
[Result "1/2-1/2"]
[WhiteElo "1324"]
[BlackElo "1310"]
[Time "08:30:00"]
[WhiteTeam "SSC Rostock 07"]
[BlackTeam "SG Eintracht Neubrandenburg"]

1.e4 e5 2.Nf3 Nc6 3.Bc4 Bc5 4.c3 d6 5.d4 exd4 6.cxd4 Bb4+ 7.Bd2 Bxd2+ 8.Nbxd2
Nf6 9.O-O O-O 10.Re1 Bg4 11.Qb3 Na5 12.Qc2 Nxc4 13.Qxc4 Re8 14.Qd3 Bh5 15.Qb3
Rb8 16.Rad1 c6 17.e5 dxe5 18.dxe5 Nd5 19.Nc4 Re6 20.Rd3 h6 21.h3 Qe7 22.Nd4 Rg6
23.Nxc6 Rxc6 24.Rxd5 Bg6 25.Nd6 Kh7 26.Qe3 b6 27.f4 Qe6 28.Qf3 f5 29.Nb5 Qe7
30.Rd6 Rxd6 31.Nxd6 Rd8 32.Rd1 Qe6 33.b3 Kg8 34.Qc3 Rxd6
1/2-1/2

[Event "Landesjugendeinzelmeisterschaft M-V u14"]
[Site "Malchow 2024"]
[Date "2024.02.07"]
[Round "7.5"]
[White "Gavrylyuk, Oleksandr"]
[Black "Stier, Edgar"]
[Result "1-0"]
[WhiteElo "1390"]
[BlackElo "972"]
[Time "08:30:00"]
[WhiteTeam "TuS Makkabi Rostock"]
[BlackTeam "ESV Waren"]

1.e4 e5 2.Nf3 Nc6 3.Bb5 d6 4.h3 Nf6 5.d4 Nxe4 6.dxe5 Bd7 7.Qe2 d5 8.O-O Qe7
9.Rd1 a6 10.Ba4 Be6 11.Nd4 Bd7 12.Nf3 Qe6 13.Bb3 Ne7 14.Bxd5 Nxd5 15.Qxe4 Bc6
16.Nd4 Qd7 17.Nxc6 bxc6 18.c4 Be7 19.cxd5 O-O 20.Nc3 cxd5 21.Nxd5 c6 22.Nf6+
Bxf6 23.Rxd7 Bd8 24.Qg4 g6 25.Bh6 Re8 26.Qf3 Re7 27.Qf6 Rxd7 28.Qg7#
1-0

[Event "Landesjugendeinzelmeisterschaft M-V u14"]
[Site "Malchow 2024"]
[Date "2024.02.07"]
[Round "7.6"]
[White "Eschrig, Immanuel"]
[Black "BÃ¼hrt, Matteo"]
[Result "1-0"]
[WhiteElo "1459"]
[BlackElo "795"]
[Time "08:30:00"]
[WhiteTeam "Greifswalder SV"]
[BlackTeam "ESV Waren"]

1.e4 e5 2.Nf3 Nc6 3.Nc3 Bb4 4.d4 d6 5.Bb5 Ne7 6.d5 Bg4 7.dxc6 bxc6 8.Be2 d5
9.Nxe5 Bxe2 10.Qxe2 Bxc3+ 11.bxc3 Qd6 12.exd5 cxd5 13.O-O f6 14.Nf3 O-O 15.Nd4
Rfe8 16.Qg4 Nc6 17.Nf5 Qd7 18.Nh6+ Kf8 19.Qxd7 Ne7 20.Qe6
1-0

[Event "Landesjugendeinzelmeisterschaft M-V u14"]
[Site "Malchow 2024"]
[Date "2024.02.07"]
[Round "7.7"]
[White "Lipkowski, Calvin"]
[Black "Martinez, Gabriel"]
[Result "0-1"]
[WhiteElo "791"]
[BlackElo "981"]
[Time "08:30:00"]
[WhiteTeam "SAV Torgelow-DrÃ¶geheide 90"]
[BlackTeam "Think Rochade - SC HRO"]

1.e4 e5 2.Nf3 Nc6 3.Nc3 Nf6 4.Bb5 Bd6 5.O-O O-O 6.d4 Qe8 7.dxe5 Nxe5 8.Nxe5 Qxe5
9.g3 Nxe4 10.Nxe4 Qxe4 11.Bd3 Qe6 12.Re1 Qf6 13.Qh5 g6 14.Qh6 Qg7 15.Qxg7+ Kxg7
16.b3 b6 17.Bb2+ f6 18.Be4 Rb8 19.Rad1 Bb7 20.Bxb7 Rxb7 21.h4 Rbb8 22.g4 Kg8
23.h5 {(=)} 23...Bc5 24.Rxd7 Bd6 25.hxg6 hxg6 26.f3 Rf7 27.Rxf7 Kxf7 28.Kg2 Rh8
29.Rf1 c5 30.f4 Re8 31.Bc3 Re2+ 32.Rf2 Rxf2+ 33.Kxf2 Bxf4 34.Kf3 Bd6 35.Ke4 Ke6
36.a4 f5+ 37.gxf5+ gxf5+ 38.Kf3 f4 39.a5 b5 40.Bd2 Kf5 41.c3 a6 42.b4 c4 43.Kg2
Kg4 44.Kf2 f3 45.Be3 Bg3+ 46.Kf1 Bf4 47.Bxf4 Kxf4 48.Kf2 Kg4 49.Kg1 Kg3 50.Kh1
Kf2 51.Kh2 Ke2 52.Kg1 f2+ 53.Kh2 f1=Q 54.Kg3 Qf3+ 55.Kh4 Qg2 56.Kh5 Kf3 57.Kh6
Kf4 58.Kh7 Kf5 59.Kh8 Kf6 60.Kh7 Qg7#
0-1

[Event "Landesjugendeinzelmeisterschaft M-V u14"]
[Site "Malchow 2024"]
[Date "2024.02.07"]
[Round "7.9"]
[White "Wrage, Julius"]
[Black "Klatt, Erik Alexander"]
[Result "1-0"]
[WhiteElo "1237"]
[BlackElo "924"]
[Time "08:30:00"]
[WhiteTeam "SAV Torgelow-DrÃ¶geheide 90"]
[BlackTeam "SV Empor KÃ¼hlungsborn"]

1.e4 e5 2.Nf3 Nc6 3.Bb5 Nf6 4.O-O Nxe4 5.Re1 Ng5 6.Nxe5 Nxe5 7.Rxe5+ Ne6 8.d4 a6
9.Ba4 b5 10.Bb3 d6 11.Re2 d5 12.f4 g6 13.Nc3 c6 14.Bd2 Bg7 15.Be1 O-O 16.Rd2 Qb6
17.Ne2 Bh6 18.g3 g5 19.fxg5 Bxg5 20.Rd3 Re8 21.c3 a5 22.Bc2 Nf4 23.Nxf4 Bxf4
24.gxf4 Re4 25.Rg3+
1-0

[Event "Landesjugendeinzelmeisterschaft M-V u14"]
[Site "Malchow 2024"]
[Date "2024.02.07"]
[Round "7.10"]
[White "Zielke, Finn"]
[Black "Asmussen, Henry"]
[Result "0-1"]
[WhiteElo "774"]
[BlackElo "1192"]
[Time "08:30:00"]
[WhiteTeam "SC Mecklenburger Springer"]
[BlackTeam "HSG Stralsund"]

1.e4 e5 2.Nf3 Nc6 3.Nc3 Nf6 4.Bb5 Bb4 5.O-O d6 6.d3 O-O 7.Bg5 a6 8.Bxc6 bxc6
9.h3 d5 10.Nxe5 Qd6 11.Bf4 Bxc3 12.bxc3 dxe4 13.Re1 Re8 14.dxe4 Rxe5 15.Bxe5
Qxe5 16.Qd8+ Qe8 17.Qxc7 h6 18.e5 Nd5 19.Qd6 Nxc3 20.Re3 Nd5 21.Ree1 Bf5 22.c4
Nf4 23.a3 Rd8 24.Qc7 Qd7 25.Qb6 Nd3 26.Re3 Qd4 27.Qxa6 Qxa1+ 28.Kh2 Nxe5 29.f4
Qd4 30.Rxe5 Qxf4+ 31.g3 Qxe5 32.Qxc6 Qe2+ 33.Qg2 Qxc4 34.g4 Be4 35.Qg3 Rd2+
36.Kg1
0-1

[Event "Landesjugendeinzelmeisterschaft M-V u16"]
[Site "Malchow 2024"]
[Date "2024.02.07"]
[Round "7.2"]
[White "Asmussen, Johann"]
[Black "WellÃŸow, Lio Keanu"]
[Result "1-0"]
[WhiteElo "1208"]
[BlackElo "1131"]
[Time "08:30:00"]
[WhiteTeam "HSG Stralsund"]
[BlackTeam "HSG Stralsund"]

1.e4 e6 2.d4 d5 3.exd5 exd5 4.c4 dxc4 5.Bxc4 Bd6 6.Ne2 Bg4 7.O-O Qh4 8.g3 Qh3
9.Re1 Kd7 10.Bd5 c6 11.Bg2 Qh5 12.Nbc3 Nf6 13.Qb3 b6 14.Nf4 Bxf4 15.Bxf4 Be6
16.Qb4 Qf5 17.Qd6+ Ke8 18.d5 cxd5 19.Nxd5 Nxd5 20.Bxd5 Nd7 21.Bxa8 Qc5 22.Rac1
Qxd6 23.Rc8+ Ke7 24.Bxd6+ Kxd6 25.Rxh8 Bxa2 26.Rxh7 g5 27.Rd1+ Ke7 28.Bd5 Bxd5
29.Rxd5 Nf6 30.Rxf7+ Kxf7 31.Rxg5 Ne4 32.Rd5 Nc5 33.f4 a5 34.Kf2 Na4 35.Rb5 Ke7
36.b3 Nc5 37.Rxb6 Kd7 38.Ke3 a4 39.bxa4 Nxa4 40.Rb3 Ke6 41.Kd4 Kf5 42.Rb4 Kg4
43.Rxa4 Kh3 44.f5 Kxh2 45.f6 Kxg3 46.Ke3 Kh3 47.Kf2 Kh2 48.Rh4#
1-0

[Event "Landesjugendeinzelmeisterschaft M-V u16"]
[Site "Malchow 2024"]
[Date "2024.02.07"]
[Round "7.3"]
[White "Briese, Paul"]
[Black "Brandt, Mattis"]
[Result "1-0"]
[WhiteElo "1553"]
[BlackElo "1315"]
[Time "08:30:00"]
[WhiteTeam "SAV Torgelow-DrÃ¶geheide 90"]
[BlackTeam "Greifswalder SV"]

1.e4 e5 2.Nf3 Nc6 3.d3 Bc5 4.Nbd2 Nf6 5.g3 Ng4 6.d4 exd4 7.Bg2 d3 8.O-O dxc2
9.Qxc2 d6 10.h3 Nge5 11.Kh1 Nxf3 12.Nxf3 Nd4 13.Nxd4 Bxd4 14.Qa4+
1-0

[Event "Landesjugendeinzelmeisterschaft M-V u16"]
[Site "Malchow 2024"]
[Date "2024.02.07"]
[Round "7.4"]
[White "Saalmann, Emil"]
[Black "Troschke, Bennet"]
[Result "1/2-1/2"]
[WhiteElo "958"]
[BlackElo "1398"]
[Time "08:30:00"]
[WhiteTeam "ESV 1888 Wittenberge"]
[BlackTeam "Greifswalder SV"]

1.e4 e5 2.Nf3 Nc6 3.Bc4 Bc5 4.b4 Bxb4 5.c3 Bc5 6.d4 exd4 7.O-O Nge7 8.cxd4 Na5
9.dxc5 Nxc4 10.Qa4 b5 11.Qxb5 a5 12.Qxc4 Ba6 13.Qc3 Bxf1 14.Kxf1 O-O 15.Bb2 f6
16.e5 Rb8 17.exf6 Nd5 18.Qd4 Nxf6 19.Nbd2 Qe7 20.Re1 Qf7 21.Ne4 Qxa2 22.Nxf6+
Rxf6 23.Bc3 Rb1 24.Rxb1 Qxb1+ 25.Ne1 Qb5+ 26.Qd3 Qxd3+ 27.Nxd3 Ra6 28.Ke2 a4
29.Kd2 a3 30.Nb4 Ra4 31.Na2 Rc4 32.Bb4 d6 33.cxd6 cxd6 34.Kd3 Rf4 35.f3
1/2-1/2

[Event "Landesjugendeinzelmeisterschaft M-V u16"]
[Site "Malchow 2024"]
[Date "2024.02.07"]
[Round "7.5"]
[White "Tank, Julian"]
[Black "Drechsler, Andor"]
[Result "1/2-1/2"]
[WhiteElo "1248"]
[BlackElo "1494"]
[Time "08:30:00"]
[WhiteTeam "Think Rochade - SC HRO"]
[BlackTeam "SAV Torgelow-DrÃ¶geheide 90"]

1.e4 c6 2.d4 d5 3.Nc3 dxe4 4.Nxe4 Bf5 5.Ng3 Bg6 6.Nf3 Nd7 7.c3 Ngf6 8.Be2 e6
9.Bf4 Be7 10.Qb3 Qc8 11.O-O O-O 12.Nh4 Nd5 13.Nxg6 hxg6 14.Bd2 Qc7 15.c4 N5b6
16.Rac1 Rfd8 17.Be3 Rac8 18.Rfd1 Nf6 19.Bf3 Nbd7 20.Kh1 Qb6 21.d5 Qxb3 22.axb3
cxd5 23.cxd5 Nxd5 24.Bxd5 exd5 25.h3 Nb6 26.Bxb6 axb6 27.Rxc8 Rxc8 28.Rxd5 Rc2
29.Kg1 Rxb2 30.Rb5 Bc5 31.Ne4 f5 32.Nxc5 {(=)} 32...bxc5 33.Rxb7 c4 34.b4 c3
35.Rc7 c2 36.Kh2 Kf8 37.b5 Ke8 38.b6 Rxb6 39.Rxc2 Re6 {(=)} 40.g3 Kf7 41.Rc7+
Kf6 42.Kg2 Ra6 43.Rc4 Rb6 44.g4 Ra6 45.Kg3 Ra3+ 46.f3 Ra6 47.Rf4 Ra1
1/2-1/2

[Event "Landesjugendeinzelmeisterschaft M-V u16"]
[Site "Malchow 2024"]
[Date "2024.02.07"]
[Round "7.6"]
[White "Peilert, Maximilian"]
[Black "Vollmer, Willem Maarten"]
[Result "1-0"]
[WhiteElo "1463"]
[BlackElo "1501"]
[Time "08:30:00"]
[WhiteTeam "Think Rochade - SC HRO"]
[BlackTeam "SF Schwerin"]

1.d4 d5 2.c4 e6 3.Nc3 Nf6 4.Bg5 c6 5.e3 Bd6 6.Nf3 O-O 7.Bd3 Nbd7 8.O-O b6 9.Rc1
Bb7 10.Re1 Rc8 11.cxd5 cxd5 12.Qd2 Qe7 13.Bb5 Bc6 14.Bxc6 Rxc6 15.a3 a6 16.e4 h6
17.Bxf6 Nxf6 18.e5 Ng4 19.exd6 Qxd6 20.h3 Nf6 21.Ne5 Rc7 22.Rc2 Rfc8 23.Rec1 Qe7
24.Qe2 b5 25.Nd3 Qd6 26.Nc5 Qf4 27.Qe3 Qd6 28.Ne2 Qb6 29.Rc3 Ne8 30.Qe5 Nd6
31.b3 a5 32.Nf4 Re8 33.Nh5 f6 34.Qg3 Rf7 35.Qg4 Nf5 36.Rd1 Ree7 37.Nf4 Qd6
38.Qf3 e5 39.Ng6 Nxd4 40.Nxe7+ Rxe7 41.Qe3 b4 42.axb4 axb4 43.Rcc1 f5 44.f4 Nb5
45.fxe5 Rxe5 46.Qf2 d4 47.Nd3 Re3 48.Qxf5 Nc3 49.Re1 Ne2+ 50.Rxe2 Rxe2 51.Rc8+
1-0

[Event "Landesjugendeinzelmeisterschaft M-V u16"]
[Site "Malchow 2024"]
[Date "2024.02.07"]
[Round "7.7"]
[White "KÃ¶nig, Luca"]
[Black "Janssen, Julika"]
[Result "0-1"]
[WhiteElo "936"]
[BlackElo "1322"]
[Time "08:30:00"]
[WhiteTeam "Think Rochade - SC HRO"]
[BlackTeam "TuS Makkabi Rostock"]

1.e4 c5 2.Nf3 e6 3.Nc3 a6 4.d4 cxd4 5.Nxd4 d6 6.Nb3 Nf6 7.e5 dxe5 8.Qxd8+ Kxd8
9.Bg5 Nd7 10.Bd3 Bd6 11.O-O h6 12.Bh4 Ke8 13.Ne4 Nxe4 14.Bxe4 Be7 15.Bxe7 Kxe7
16.Rfd1 Rd8 17.Rd2 Nf6 18.Rxd8 Kxd8 19.Re1 Nxe4 20.Rxe4 f6 21.h4 Ke7 22.g3 Bd7
23.f4 Bc6 24.Re3 exf4 25.gxf4 Rd8 26.Nc5 Rd1+ 27.Kf2 Rd2+ 28.Re2 Rxe2+ 29.Kxe2
Kd6 30.Nd3 g5 31.fxg5 fxg5 32.hxg5 hxg5 33.Kf2 e5 34.Kg3 Ke6 35.Kg4 Kf6 36.c4
Bd7+ 37.Kg3 Kf5 38.Nc5 Bc6 39.a4 e4 40.b4 e3 41.b5 axb5 42.axb5 Be4 43.Nxe4 Kxe4
44.c5 Kd3 45.c6 e2 46.Kg4 e1=Q 47.c7 Qe8 48.b6 Kd4 49.Kxg5 Kc5
0-1